| 000 | 00511 a2200181 4500 | ||
|---|---|---|---|
| 003 | OSt | ||
| 005 | 20240202101436.0 | ||
| 008 | 240201b |||||||| |||| 00| 0 eng d | ||
| 020 | _a9789391899677 | ||
| 040 | _coclc | ||
| 082 |
_a297 _bIQB/I |
||
| 100 |
_aIqbal TKM _910351 |
||
| 245 |
_aISLAMUM NASTHIKA YUKTHIVADIKALUM / _cT.K.M. Iqbal |
||
| 250 | _a1st ed. | ||
| 260 |
_aKozhikode: _c2023. _bIslamic Publishing House, |
||
| 300 | _a111p. | ||
| 942 |
_2ddc _cBK _h297 _iIQB/I _k297 _mIQB/I |
||
| 999 |
_c43402 _d43402 |
||